| 000 | 00488nam a22001817a 4500 | ||
|---|---|---|---|
| 942 | _cBK | ||
| 999 |
_c571 _d571 |
||
| 005 | 20250420134816.0 | ||
| 008 | 200809b ||||| |||| 00| 0 eng d | ||
| 020 | _a9780471491118 | ||
| 040 | _cKCST | ||
| 082 |
_a519.82 _bKl Qu |
||
| 100 |
_aKleinrock, Leonard _94857 |
||
| 245 |
_aQueueing systems: vol.2: _bComputer applications / _cLeonard Kleinrock |
||
| 260 |
_aNew York ; London : _bWiley _c1976. |
||
| 300 | _ap. | ||
| 650 |
_aQueuing theory. _94858 |
||
| 942 | _2ddc | ||